Catálogo
 En Linea

Cell division and the mitotic cycle / (Registro nro. 1457)

Detalles MARC
000 -CABECERA
campo de control de longitud fija 00705cam a2200217 a 4500
001 - NÚMERO DE CONTROL
campo de control 000001555
005 - FECHA Y HORA DE LA ÚLTIMA TRANSACCIÓN
campo de control 20200929145622.0
008 - DATOS DE LONGITUD FIJA--INFORMACIÓN GENERAL
campo de control de longitud fija 740801s1966 nyua b 001 0 eng
040 ## - FUENTE DE LA CATALOGACIÓN
Centro catalogador/agencia de origen DO-SdBNP
Centro/agencia transcriptor DLC
Centro/agencia modificador ICU
-- DLC
050 00 - SIGNATURA TOPOGRÁFICA DE LA BIBLIOTECA DEL CONGRESO
Número de clasificación QH605
Número de documento/Ítem .W73
082 ## - NÚMERO DE LA CLASIFICACIÓN DECIMAL DEWEY
Número de clasificación 574.87623
Número de documento/Ítem W746c
100 1# - ENTRADA PRINCIPAL--NOMBRE DE PERSONA
Nombre de persona Wilson, G. B.
Forma completa/desarrollada del nombre (George Bernard),
Fechas asociadas al nombre 1914-
9 (RLIN) 5108
245 10 - MENCIÓN DE TÍTULO
Título Cell division and the mitotic cycle /
Mención de responsabilidad, etc. G. B. Wilson.
260 ## - PUBLICACIÓN, DISTRIBUCIÓN, ETC.
Lugar de publicación, distribución, etc. New York :
Nombre del editor, distribuidor, etc. Reinhold Publishing Corporation,
Fecha de publicación, distribución, etc. 1966.
300 ## - DESCRIPCIÓN FÍSICA
Extensión ix, 111 p. :
Otras características físicas il. ;
Dimensiones 19 cm.
490 1# - MENCIÓN DE SERIE
Mención de serie Selected Topics in Modern Biology
504 ## - NOTA DE BIBLIOGRAFÍA, ETC.
Nota de bibliografía, etc. Bibliografìa: p. 99-100.
650 #0 - PUNTO DE ACCESO ADICIONAL DE MATERIA--TÉRMINO DE MATERIA
Término de materia o nombre geográfico como elemento de entrada Cell division.
9 (RLIN) 5109
830 #0 - PUNTO DE ACCESO ADICIONAL DE SERIE-TÍTULO UNIFORME
Título uniforme Selected Topics in Modern Biology
9 (RLIN) 5110
910 ## - DATOS DE OPCIÓN DEL USUARIO (OCLC)
Datos de opción del usuario DC

No hay ítems disponibles.

Con tecnología Koha